000 01379nam0a22003251 4500
001 rc\2205687
005 20240423141830.0
035 _a(NLR Aleph) 006694942
090 _a5184289
_c5184289
100 _a20110829d1979 |||y0rusy50 ca
101 0 _arus
102 _aRU
105 _ay ac |||||
200 1 _aПедагогические знания - в массы
_eАннот. библиогр. указ. лит.
_f[Составители Алексеева Т.П., Клочкова О.А., Меньших О.А. и др.]
210 _aРостов-на-Дону
_cБ. и.
_d1979
215 _a48 с.
_d20
300 _aСост. указаны на обороте тит. л.
300 _aВ надзаг.: Пед. о-во РСФСР, Рост. обл. отд-ние, Рост. гос. науч. б-ка им. К. Маркса
606 _aВоспитание
_jУказатели литературы
_2psbo
702 1 _aКлочкова
_bО. А.
_4220
702 1 _aМеньших
_bО. А.
_4220
702 1 _aАлексеева
_bТ. П.
_4220
712 0 2 _aРостовская-на-Дону научная библиотека им. К. Маркса
_3RU\NLR\AUTH\889968488
801 0 _aRU
_bNLR
_gpsbo
801 1 _aRU
_bELAR
_2rusmarc
852 _aNLR
_jс873-420/П-24
899 _aRuMoRGB
_jВ 79-27/1472
942 _cBOOK
980 _aNB